People Associated With The Beatles - Statistics

General Stats
  • This quiz has been taken 46 times
    34 since last reset
  • The average score is 12 of 17
Answer Stats
Hint Answer % Correct
Producer of the Beatles throughout their career George Martin
100%
Avant-garde artist and second wife of John Lennon Yoko Ono
100%
Original manager of the Beatles Brian Epstein
96%
Photographer, purveyor of vegetarian food, and first wife of Paul McCartney {Linda} McCartney
96%
Former drummer of the Beatles, replaced in 1962 by Ringo Starr Pete Best
96%
First wife of John Lennon {Cynthia} Lennon
91%
Television host, on whose show the Beatles first appeared on American TV Ed Sullivan
87%
Original bassist of the Beatles, who died aged 21 of a brain haemorrhage Stuart Sutcliffe
87%
Maternal aunt and parental guardian of John Lennon Mimi Smith
83%
Keyboardist who was one of the very few non-Beatles to be credited on a Beatles recording Billy Preston
78%
Model and wife of George Harrison, who left him for Eric Clapton Pattie Boyd
78%
The Beatles' road manager, formerly a bouncer at the Cavern Club Mal Evans
65%
Indian spiritualist with whom the band stayed in Rishikesh to learn meditation Maharishi Mahesh Yogi
57%
Geoff Emerick
26%
The Beatles' personal assistant, de facto manager from 1967-70, and head of Apple Corps Neil Aspinall
26%
Publicist whose early work with the band contributed to 'Beatlemania' Derek Taylor
17%
The two primary engineers of the Beatles' studio albums Norman Smith
9%
No matching quizzes found
Score Distribution
Percent of People with Each Score
Percentile by Number Answered
Your Score History
You have not taken this quiz since the last reset